000 00329nam a22001337a 4500
008 171017b xxu||||| |||| 00| 0 eng d
020 _a0471062480
041 _aeng
080 _a331.101.262
100 _a52
101 _abnj
245 _aBEHAVIOR PRINCIPLES IN THE PRACTICE OF MANAGMENT
_cSCOTT.W.E
942 _2udc
_cBK
999 _c34332
_d34332